Southville International School and Colleges
Your cart is empty.
  • Cart
  • Lists
    Public lists Eva Luna New books Lux_list list_1
    Your lists Log in to create your own lists
  • Log in to your account
  • Your cookies
  • Search history
Southville International School and Colleges
  • Advanced search
  • Recent comments
  • Most popular
  • Libraries

Log in to your account

Log in with GOOGLE


If you do not have an external account, but do have a local account, you can still log in:

  1. Home
  2. MARC view: IB perspectives on planning english a :
Normal view MARC view ISBD view

IB perspectives on planning english a : (Record no. 284330)

[ view plain ]
MARC details
000 -LEADER
fixed length control field 00792nam a22002417a 4500
001 - CONTROL NUMBER
control field 18615642
003 - CONTROL NUMBER IDENTIFIER
control field PILC
005 - DATE AND TIME OF LATEST TRANSACTION
control field 20231108122359.0
008 - FIXED-LENGTH DATA ELEMENTS--GENERAL INFORMATION
fixed length control field 150523b xxu||||| |||| 00| 0 eng d
010 ## - LIBRARY OF CONGRESS CONTROL NUMBER
LC control number 2015304554
020 ## - INTERNATIONAL STANDARD BOOK NUMBER
International Standard Book Number 9780198332671
040 ## - CATALOGING SOURCE
Original cataloging agency DLC
Language of cataloging eng
Description conventions rda
Transcribing agency DLC
042 ## - AUTHENTICATION CODE
Authentication code pcc
050 ## - LIBRARY OF CONGRESS CALL NUMBER
Classification number TR IB LB 2352. Al438 2015
100 ## - MAIN ENTRY--PERSONAL NAME
Personal name Allison, Rob
245 10 - TITLE STATEMENT
Title IB perspectives on planning english a :
Statement of responsibility, etc series editors Rob Allison and Brian Chanen.
Remainder of title language and literature teacher companion
260 ## - PUBLICATION, DISTRIBUTION, ETC. (IMPRINT)
Place of publication, distribution, etc United Kingdom
Name of publisher, distributor, etc Oxford University Press
Date of publication, distribution, etc 2015
300 ## - PHYSICAL DESCRIPTION
Extent vii, 88 pages ;
Dimensions 22 cm.
490 0# - SERIES STATEMENT
Series statement Oxford IB diploma programme
906 ## - LOCAL DATA ELEMENT F, LDF (RLIN)
a 0
b ibc
c orignew
d 2
e ncip
f 20
g y-gencatlg
942 ## - ADDED ENTRY ELEMENTS (KOHA)
Source of classification or shelving scheme Library of Congress Classification
Koha item type Books
Call number suffix LB 2352. Al438 2015
Holdings
Withdrawn status Lost status Source of classification or shelving scheme Damaged status Home library Current library Shelving location Date acquired Source of acquisition Total Checkouts Full call number Barcode Date last seen Price effective from Koha item type
    Library of Congress Classification   Luxembourg Library Luxembourg Library Teachers Reference Section 05/23/2015 Library Fund   TR IB LB 2352. Al438 2015 IB0201 08/23/2016 05/23/2015 Books

IB perspectives on planning english a :

APA

Allison R., . (2015). IB perspectives on planning english a. United Kingdom: Oxford University Press.

Chicago

Allison Rob, . 2015. IB perspectives on planning english a. United Kingdom: Oxford University Press.

Harvard

Allison R., . (2015). IB perspectives on planning english a. United Kingdom: Oxford University Press.

MLA

Allison Rob, . IB perspectives on planning english a. United Kingdom: Oxford University Press. 2015.

  • Place hold
  • Print
  • Cite
  • Add to your cart (remove)
  • Save record
    BIBTEX Dublin Core MARCXML MARC (non-Unicode/MARC-8) MARC (Unicode/UTF-8) MARC (Unicode/UTF-8, Standard) MODS (XML) RIS
  • More searches
    Search for this title in:
    Other Libraries (WorldCat) Other Databases (Google Scholar) Online Stores (Bookfinder.com) Open Library (openlibrary.org)

Exporting to Dublin Core...

SOUTHVILLE LIBRARY

Southville International School and Colleges Library

1281 Tropical Ave. Cor. Luxembourg St., BF Homes International, Las Pinas City

Tel. No. 8256374 / 252358 Loc. 117/146

Powered by Koha